000 00395nam a2200133Ia 4500
008 100328s9999 xx 000 0 und d
082 _b58087
100 _aटिळक जयवंतराव
245 _aमी जयंत टिळक
260 _bपदेमगंाा
630 _aमी जयंत टिळक
730 _aमी जयंत टिळक
942 _cBOOK
999 _c544457
_d544454